00000000nas 2200000zi 4500
0019.903818
003CaOODSP
00520250623112945
006m     o  d f      
007cr cn|||||||||
008211004d20212023oncar p o    f0###a0eng|d
022 |a2564-1255
040 |aCaOODSP|beng|erda|cCaOODSP
043 |an-cn---
0861 |aHR2-12E-PDF
1102 |aCanadian Human Rights Commission.|eauthor, |eissuing body.
222 0|aAnti-racism action plan, progress report
24510|aAnti-racism action plan : |bprogress report / |cCanadian Human Rights Commission.
2461 |iIssue for fall 2023 has title: |aCanadian Human Rights Commission's ... update
264 1|aOttawa, Ontario : |bCanadian Human Rights Commission = Commission canadienne des droits de la personne, |c[2021-2023]
310 |aAnnual
336 |atext|btxt|2rdacontent
337 |acomputer|bc|2rdamedia
338 |aonline resource|bcr|2rdacarrier
3621 |aBegan with: Issue 1 (June 2021); ceased with: Fall 2023.
500 |aIssued also in French under title: Le plan d'action de lutte contre le racisme : rapport d'étape.
588 |aDescription based on: Issue 1 (June 2021); title from PDF cover page.
588 |aLatest issue consulted: Fall 2023.
61020|aCanadian Human Rights Commission|vPeriodicals.
650 0|aAnti-racism|xGovernment policy|zCanada|vPeriodicals.
655 7|aPeriodicals|2lcgft
77508|tLe plan d'action de lutte contre le racisme : |w(CaOODSP)9.903823